000 00441nam a2200169Ia 4500
008 131103s9999 xx 000 0 und d
040 _aLoreto College
041 _aEnglish
082 _aREF
_bLCBED/8638
100 _aMillard, Anne
245 4 _aThe first civilisations
_cAnne Millard; edited by Jenny Tyler
260 _aSydney
_bUsborne
_c1977
300 _a32p.
_b ill.
_c 26cm.
650 _aREF
850 _aLCBED/REF
942 _cBK
999 _c34010
_d84489